[Event "19th EUR-ch"]
[Site "Batumi GEO"]
[Date "2018.03.21"]
[Round "5.100"]
[White "Murzin, Volodar"]
[Black "Fernandez, Daniel Howard"]
[Result "1/2-1/2"]
[WhiteElo "2316"]
[BlackElo "2505"]
[EventDate "2018.03.17"]
[PlyCount "175"]

1.e4 c6 2.Nf3 d5 3.Nc3 a6 4.d4 Bg4 5.h3 Bxf3 6.Qxf3 e6 7.g3 Nf6 8.a3 dxe4 
9.Qe3 g6 10.Nxe4 Nxe4 11.Qxe4 Bg7 12.c3 a5 13.Bg2 O-O 14.O-O Nd7 15.Rd1 a4
16.Qe2 Qb6 17.Be3 Qa6 18.c4 Nf6 19.Qc2 Rfd8 20.Rd2 Rac8 21.Rad1 b5 22.Bf1 
bxc4 23.Bxc4 Qa5 24.f3 Nd5 25.Bf2 h5 26.h4 Rc7 27.Bf1 Ne7 28.Qc5 Qxc5 29.
dxc5 Rxd2 30.Rxd2 Rb7 31.Rd8+ Kh7 32.Ra8 Bxb2 33.Rxa4 Rd7 34.Ra6 Kg7 35.a4
Bd4 36.a5 Bxf2+ 37.Kxf2 Rd2+ 38.Kg1 Rc2 39.Ra7 Nd5 40.Ba6 Rxc5 41.Bb7 Rc1+
42.Kf2 Rc2+ 43.Kg1 c5 44.Bxd5 exd5 45.Rd7 Ra2 46.Rxd5 Rxa5 47.Kf2 Kf6 48.
Rd7 Ke6 49.Rc7 f6 50.Ke3 Kf5 51.Kd2 Ke5 52.Rg7 Kd4 53.Rd7+ Kc4 54.Rd6 Ra2+
55.Ke3 Ra3+ 56.Ke4 g5 57.Rxf6 gxh4 58.gxh4 Rd3 59.Kf4 Rd5 60.Ra6 Kb5 61.
Ra1 c4 62.Ke4 Rd2 63.Rb1+ Kc5 64.f4 c3 65.Rb8 Rh2 66.Kd3 Rh3+ 67.Kc2 Kc4 
68.Rc8+ Kd4 69.Rd8+ Ke4 70.f5 Kxf5 71.Rd4 Rg3 72.Rc4 Rh3 73.Rb4 Ke6 74.
Rb6+ Kf7 75.Rb4 Ke7 76.Ra4 Kf6 77.Rf4+ Kg6 78.Rc4 Rf3 79.Rd4 Kf5 80.Rc4 
Rg3 81.Rd4 Ke6 82.Rc4 Kd5 83.Ra4 Rg4 84.Ra5+ Kd4 85.Rxh5 Rg2+ 86.Kc1 Rg1+ 
87.Kc2 Rg2+ 88.Kc1 1/2-1/2

[Event "19th EUR-ch"]
[Site "Batumi GEO"]
[Date "2018.03.21"]
[Round "5.101"]
[White "Goryachkina, Aleksandra"]
[Black "Pogosyan, Stefan"]
[Result "1/2-1/2"]
[WhiteElo "2491"]
[BlackElo "2322"]
[EventDate "2018.03.17"]
[PlyCount "101"]

1.e4 e5 2.Nf3 Nc6 3.d4 exd4 4.Nxd4 Nf6 5.Nxc6 bxc6 6.e5 Qe7 7.Qe2 Nd5 8.c4
Ba6 9.Nd2 g6 10.Nf3 Bg7 11.Bg5 f6 12.exf6 Qxe2+ 13.Bxe2 Nxf6 14.O-O-O 
O-O-O 15.h3 Rde8 16.Rhe1 Ne4 17.Be3 c5 18.Nd2 Nxd2 19.Kxd2 Bb7 20.g3 Bd4 
21.Bd3 Bxb2 22.Bxc5 a6 23.Rxe8+ Rxe8 24.Rb1 Bf6 25.h4 Re5 26.Bd4 Re6 27.
Bxf6 Rxf6 28.f4 c5 29.Re1 Kd8 30.Re5 d6 31.Rg5 Ke7 32.f5 Kf7 33.Ke3 Bc8 
34.g4 Kg7 35.h5 Kh6 36.Kf4 Be6 37.hxg6 hxg6 38.Rxg6+ Rxg6 39.fxg6 a5 40.a3
Bd7 41.Bf5 Be8 42.Ke3 Kg7 43.Kd3 Kf6 44.Kc3 Ba4 45.Bc2 Bc6 46.Kb3 Bd7 47.
Be4 a4+ 48.Kc3 Bxg4 49.Bc6 Kxg6 50.Bxa4 Bf3 51.Kd2 1/2-1/2

[Event "19th EUR-ch"]
[Site "Batumi GEO"]
[Date "2018.03.21"]
[Round "5.102"]
[White "Lobanov, Sergei"]
[Black "Gvetadze, Sofio"]
[Result "1/2-1/2"]
[WhiteElo "2468"]
[BlackElo "2308"]
[EventDate "2018.03.17"]
[PlyCount "103"]

1.e4 c5 2.Nf3 e6 3.d4 cxd4 4.Nxd4 Nf6 5.Nc3 d6 6.Be2 Be7 7.O-O O-O 8.f4 
Nc6 9.Be3 e5 10.Nb3 exf4 11.Bxf4 Be6 12.Kh1 d5 13.e5 Nd7 14.Nxd5 Ndxe5 15.
c4 Bg5 16.Bg3 Bh4 17.Bf4 Bg5 18.Nc5 Bxf4 19.Nxe6 fxe6 20.Nxf4 Qe7 21.Qd2 
Rf6 22.Qe3 Raf8 23.g3 b6 24.h4 Qc5 25.Qxc5 bxc5 26.Nd3 Nxd3 27.Bxd3 Nb4 
28.Rxf6 gxf6 29.Be4 f5 30.Bg2 Rd8 31.a3 Nd3 32.b4 cxb4 33.axb4 Nxb4 34.
Rxa7 Rd1+ 35.Kh2 Rc1 36.Rc7 Nd3 37.Bb7 Rc2+ 38.Kg1 Kf8 39.Bc8 f4 40.Bxe6 
fxg3 41.Bf5 Rc3 42.Bxd3 Rxd3 43.Rxh7 Rc3 44.Rc7 Rc2 45.c5 Kg8 46.c6 Kh8 
47.h5 Kg8 48.h6 Kh8 49.Kf1 Rf2+ 50.Kg1 Rc2 51.h7 Rg2+ 52.Kxg2 1/2-1/2

[Event "19th EUR-ch"]
[Site "Batumi GEO"]
[Date "2018.03.21"]
[Round "5.103"]
[White "Demianjuk, Alexander"]
[Black "Minasian, Artashes"]
[Result "0-1"]
[WhiteElo "2313"]
[BlackElo "2467"]
[EventDate "2018.03.17"]
[PlyCount "123"]

1.d4 d6 2.Nf3 g6 3.c4 Bg7 4.Nc3 e5 5.d5 Nf6 6.e4 a6 7.h3 O-O 8.Bd3 b6 9.a4
Ra7 10.O-O c5 11.a5 bxa5 12.Bd2 Rb7 13.Qc2 Nh5 14.Ne2 Rb4 15.Kh2 f5 16.
Bxb4 axb4 17.Ng3 Nf4 18.exf5 Nxd3 19.f6 Qxf6 20.Qxd3 Qf4 21.Qe4 Nd7 22.
Qxf4 Rxf4 23.Nd2 Nf6 24.f3 Rd4 25.Nde4 Nxe4 26.Nxe4 Bf8 27.b3 Rd3 28.Rfb1 
Kf7 29.g4 Ke7 30.Kg2 h5 31.Kf2 Bh6 32.g5 Bf8 33.Ke2 Rd4 34.h4 Kd8 35.Ke3 
Kc7 36.Rd1 Rxd1 37.Rxd1 Bf5 38.Ra1 Kb6 39.Ra2 a5 40.f4 exf4+ 41.Kxf4 Be7 
42.Nf6 Bb1 43.Re2 Bd8 44.Re6 Bc7 45.Ne4 Bc2 46.Ke3 Bxb3 47.Nxd6 Bxd6 48.
Rxd6+ Kb7 49.Rxg6 Bxc4 50.Rc6 b3 51.Kd2 a4 52.g6 a3 53.g7 Bxd5 54.Rxc5 Bg8
55.Kc3 b2 56.Rb5+ Kc7 57.Rb4 Bh7 58.Rb5 Kd6 59.Rb8 Ke5 60.Rb7 Kf6 61.Rb6+ 
Kxg7 62.Kd4 0-1

[Event "19th EUR-ch"]
[Site "Batumi GEO"]
[Date "2018.03.21"]
[Round "5.104"]
[White "Pijpers, Arthur"]
[Black "Sandu, Mihaela"]
[Result "1-0"]
[WhiteElo "2453"]
[BlackElo "2289"]
[EventDate "2018.03.17"]
[PlyCount "81"]

1.e4 c5 2.Nc3 e6 3.Nf3 a6 4.d4 cxd4 5.Nxd4 b5 6.Bd3 Qb6 7.Nf3 Qc7 8.O-O 
Bb7 9.Re1 Bc5 10.Qd2 Be7 11.b4 Nf6 12.a4 bxa4 13.Nxa4 d5 14.exd5 Nxd5 15.
Rb1 Nd7 16.c4 N5f6 17.c5 Rd8 18.Qe2 O-O 19.Nc3 a5 20.Nb5 Qb8 21.Nfd4 Qa8 
22.c6 Bxc6 23.Nc7 Qb7 24.Ncxe6 Bxb4 25.Nxd8 Rxd8 26.Nxc6 Qxc6 27.Bb5 Qc7 
28.Rd1 Nc5 29.Bf4 Qc8 30.Rxd8+ Qxd8 31.Rd1 Qc8 32.Be5 Nce4 33.Qc4 Nc5 34.
Bxf6 gxf6 35.Qf4 Kg7 36.Qg3+ Kf8 37.Qh4 Kg7 38.Qg3+ Kf8 39.Qf4 Kg7 40.h3 
Qb7 41.Qg3+ 1-0

[Event "19th EUR-ch"]
[Site "Batumi GEO"]
[Date "2018.03.21"]
[Round "5.105"]
[White "Gharibian, Mamikon"]
[Black "Asadli, Vugar"]
[Result "0-1"]
[WhiteElo "2312"]
[BlackElo "2449"]
[EventDate "2018.03.17"]
[PlyCount "84"]

1.d4 g6 2.Nf3 Bg7 3.e3 d6 4.Be2 Nd7 5.O-O e5 6.b3 Ngf6 7.Bb2 O-O 8.dxe5 
Ng4 9.c4 Ngxe5 10.Nxe5 dxe5 11.Nc3 Re8 12.Qd2 e4 13.Rad1 c6 14.Na4 Bxb2 
15.Qxb2 Qg5 16.Nc3 h5 17.Kh1 h4 18.h3 Nf6 19.Rd4 Qe5 20.Rfd1 Bf5 21.a3 a5 
22.Na4 Be6 23.c5 Qg5 24.Bc4 Rab8 25.Bxe6 Rxe6 26.Rd8+ Re8 27.Rxb8 Rxb8 28.
Rd6 Ne8 29.Rd4 Nc7 30.Nc3 Ne6 31.Rxe4 Nxc5 32.Rf4 Qe5 33.Qd2 Qe7 34.b4 
axb4 35.axb4 Ne6 36.Rg4 Rd8 37.Qe2 Qf6 38.Ne4 Qa1+ 39.Kh2 Rd1 40.g3 Rh1+ 
41.Kg2 Rxh3 42.Nf6+ Kf8 0-1

[Event "19th EUR-ch"]
[Site "Batumi GEO"]
[Date "2018.03.21"]
[Round "5.106"]
[White "Draskovic, Luka"]
[Black "Nuber, Blasius"]
[Result "1-0"]
[WhiteElo "2447"]
[BlackElo "2284"]
[EventDate "2018.03.17"]
[PlyCount "113"]

1.e4 e5 2.Nf3 Nc6 3.Bc4 Be7 4.O-O Nf6 5.d3 d6 6.Re1 O-O 7.a3 Nh5 8.Nc3 Nf6
9.h3 Be6 10.Nd5 h6 11.c3 Re8 12.b4 a6 13.a4 Bf8 14.Nh2 Nb8 15.Nxf6+ Qxf6 
16.Ng4 Qg6 17.Bxe6 Qxe6 18.f4 exf4 19.Bxf4 Nd7 20.Qf3 c6 21.d4 Nf6 22.
Nxf6+ Qxf6 23.Bg3 Qxf3 24.gxf3 a5 25.b5 cxb5 26.axb5 Rec8 27.Rec1 Rc4 28.
Kf1 f5 29.Ke2 fxe4 30.fxe4 b6 31.Kd3 Rac8 32.d5 Be7 33.Bf2 Bf6 34.Ra3 Rb4 
35.cxb4 Rxc1 36.bxa5 bxa5 37.Rxa5 Rc3+ 38.Ke2 Rxh3 39.Ra6 Be5 40.Be3 Rh2+ 
41.Kd3 Rb2 42.b6 h5 43.Bd4 Bxd4 44.Kxd4 h4 45.e5 dxe5+ 46.Kxe5 h3 47.Ra8+ 
Kf7 48.Ra7+ Kg6 49.d6 Rxb6 50.d7 Rb8 51.Ra3 h2 52.Rh3 Kg5 53.Rxh2 g6 54.
Rg2+ Kh5 55.Kf6 Rg8 56.Rg5+ Kh6 57.Rd5 1-0

[Event "19th EUR-ch"]
[Site "Batumi GEO"]
[Date "2018.03.21"]
[Round "5.107"]
[White "Mazur, Stefan"]
[Black "Ahmadzada, Ahmad"]
[Result "0-1"]
[WhiteElo "2439"]
[BlackElo "2283"]
[EventDate "2018.03.17"]
[PlyCount "102"]

1.e4 e6 2.d4 d5 3.Nc3 Bb4 4.e5 c5 5.a3 Bxc3+ 6.bxc3 Qa5 7.Bd2 Qa4 8.Qg4 
Kf8 9.Qd1 b6 10.dxc5 bxc5 11.Nf3 Ba6 12.Bxa6 Qxa6 13.Qe2 Ne7 14.Rb1 Nc8 
15.Be3 Qxe2+ 16.Kxe2 Nd7 17.Rb7 Ncb6 18.a4 Ke8 19.a5 Nc4 20.a6 Nxe3 21.
Kxe3 Ke7 22.Rhb1 h6 23.c4 d4+ 24.Ke4 Rhb8 25.Ne1 Rxb7 26.Rxb7 Kd8 27.Nd3 
Rc8 28.Rxa7 Rc7 29.Ra8+ Rc8 30.Rxc8+ Kxc8 31.f4 Kc7 32.f5 Kb6 33.fxe6 fxe6
34.Nf4 Nf8 35.Nxe6 Nxe6 36.Kd5 Nc7+ 37.Kd6 Nxa6 38.e6 Nc7 39.Kd7 h5 40.Kd6
Ne8+ 41.Ke7 Nf6 42.Kf7 Ka5 43.e7 Kb4 44.h4 Kc3 45.g4 hxg4 46.h5 g3 47.h6 
gxh6 48.Kxf6 g2 49.e8=Q g1=Q 50.Qa4 Qf2+ 51.Kg7 Qxc2 0-1

[Event "19th EUR-ch"]
[Site "Batumi GEO"]
[Date "2018.03.21"]
[Round "5.108"]
[White "Mgeladze, Tamaz"]
[Black "Baghdasarian, Vahe"]
[Result "1-0"]
[WhiteElo "2303"]
[BlackElo "2431"]
[EventDate "2018.03.17"]
[PlyCount "65"]

1.c4 c5 2.g3 Nc6 3.Bg2 g6 4.Nc3 Bg7 5.Nf3 d6 6.O-O Bf5 7.h3 Qd7 8.Kh2 Nf6 
9.d3 h5 10.e4 Be6 11.Nh4 Ng8 12.f4 Nd4 13.Ne2 Qc8 14.Be3 Nh6 15.Nxd4 cxd4 
16.Bd2 Bf6 17.Qf3 Bd7 18.Rae1 Rb8 19.Rc1 Rg8 20.Qf2 Rh8 21.b4 b6 22.Nf3 
Bg4 23.Nh4 Bd7 24.a3 Qa6 25.Qe2 e5 26.Qf3 Be6 27.f5 gxf5 28.Nxf5 Nxf5 29.
exf5 Bd7 30.Qd5 Ke7 31.b5 Qxa3 32.Ra1 Qb2 33.Rfd1 1-0

[Event "19th EUR-ch"]
[Site "Batumi GEO"]
[Date "2018.03.21"]
[Round "5.109"]
[White "Zavhorodnii, Serhii"]
[Black "Olcum, Ahmet"]
[Result "1-0"]
[WhiteElo "2430"]
[BlackElo "2257"]
[EventDate "2018.03.17"]
[PlyCount "107"]

1.d4 d6 2.Nf3 g6 3.e4 Nf6 4.e5 dxe5 5.Nxe5 Nbd7 6.Nf3 Bg7 7.Be2 O-O 8.O-O 
c5 9.Nc3 cxd4 10.Nxd4 Nc5 11.Be3 Bd7 12.Bf3 Qc8 13.Nb3 Na4 14.Nxa4 Bxa4 
15.Re1 Rd8 16.Qe2 Nd5 17.c3 Nxe3 18.Qxe3 e6 19.Na5 Rd7 20.Qe4 Bb5 21.Rad1 
Rb8 22.Qb4 Bd3 23.c4 g5 24.h3 Bf5 25.Rxd7 Qxd7 26.Rd1 Qc7 27.b3 Bf8 28.Qd2
h6 29.b4 b6 30.Nc6 Rc8 31.b5 e5 32.Bg4 Bxg4 33.hxg4 a5 34.Qd3 Re8 35.Qe4 
Bc5 36.Rd5 Re6 37.Rxe5 Rf6 38.Nd4 Rf4 39.Re8+ Bf8 40.Qd5 Rxg4 41.Ne6 fxe6 
42.Qxe6+ Qf7 43.Rxf8+ Kxf8 44.Qxg4 Qe7 45.Qf3+ Kg7 46.Qc3+ Kf7 47.Qf3+ Kg7
48.g3 a4 49.Qc6 Qe1+ 50.Kg2 a3 51.c5 Qe2 52.cxb6 Qxa2 53.b7 Qg8 54.Qc7+ 
1-0

[Event "19th EUR-ch"]
[Site "Batumi GEO"]
[Date "2018.03.21"]
[Round "5.110"]
[White "Garayev, Kanan"]
[Black "Haria, Ravi"]
[Result "1/2-1/2"]
[WhiteElo "2252"]
[BlackElo "2424"]
[EventDate "2018.03.17"]
[PlyCount "30"]

1.d4 d5 2.c4 dxc4 3.e3 Be6 4.Na3 Nf6 5.Nf3 c5 6.Bxc4 Bxc4 7.Nxc4 e6 8.O-O 
Nc6 9.Nce5 Nxe5 10.Nxe5 a6 11.dxc5 Bxc5 12.b3 O-O 13.Bb2 Qxd1 14.Rfxd1 
Rfd8 15.Kf1 Be7 1/2-1/2

[Event "19th EUR-ch"]
[Site "Batumi GEO"]
[Date "2018.03.21"]
[Round "5.111"]
[White "Aleksanian, Hrant"]
[Black "Janik, Igor"]
[Result "1/2-1/2"]
[WhiteElo "2250"]
[BlackElo "2422"]
[EventDate "2018.03.17"]
[PlyCount "81"]

1.d4 d6 2.e4 Nf6 3.f3 e6 4.c4 c5 5.d5 exd5 6.cxd5 g6 7.Nc3 Bg7 8.Nge2 O-O 
9.Ng3 h5 10.Bg5 Qa5 11.Qd2 a6 12.Be2 b5 13.O-O c4 14.a4 b4 15.Na2 Nh7 16.
Be3 c3 17.bxc3 bxc3 18.Qc2 h4 19.Nh1 Bd7 20.Nc1 Rc8 21.Nf2 Qd8 22.Ra3 Be8 
23.Na2 Nd7 24.a5 Nc5 25.Rb1 Qe7 26.Rb4 f5 27.Bd4 fxe4 28.fxe4 Bxd4 29.Rxd4
Bb5 30.Rxc3 Rf8 31.Rf3 Bxe2 32.Qxe2 Qe5 33.Rd1 Rxf3 34.Qxf3 Rf8 35.Qe2 Nf6
36.Nb4 Nfxe4 37.Nxe4 Nxe4 38.Nc6 Qf6 39.Rf1 Qxf1+ 40.Qxf1 Rxf1+ 41.Kxf1 
1/2-1/2

[Event "19th EUR-ch"]
[Site "Batumi GEO"]
[Date "2018.03.21"]
[Round "5.112"]
[White "Sousa, Andre Ventura"]
[Black "Tsvetkov, Andrey"]
[Result "1/2-1/2"]
[WhiteElo "2417"]
[BlackElo "2252"]
[EventDate "2018.03.17"]
[PlyCount "130"]

1.e4 c5 2.Nf3 d6 3.Bb5+ Nd7 4.a4 Nf6 5.Nc3 a6 6.Bc4 e6 7.O-O Be7 8.a5 O-O 
9.d4 cxd4 10.Qxd4 b5 11.axb6 Qxb6 12.Qxb6 Nxb6 13.Bd3 Bb7 14.Be3 Nfd7 15.
Na4 Nxa4 16.Rxa4 Bf6 17.c3 Bc6 18.Ra2 Rfb8 19.Nd4 Bxd4 20.Bxd4 a5 21.f3 
Kf8 22.Rfa1 a4 23.Bc2 e5 24.Be3 Ke7 25.Bd3 Rb7 26.b4 g6 27.Kf2 h5 28.h4 
Nf6 29.Bg5 Ke6 30.Rd2 d5 31.exd5+ Nxd5 32.b5 Rxb5 33.c4 Rb4 34.cxd5+ Bxd5 
35.Bb1 Rab8 36.Ba2 Bxa2 37.Rdxa2 Rb2+ 38.Ke1 Rxa2 39.Rxa2 Rb4 40.g3 f6 41.
Bd2 Rc4 42.Rb2 Kf5 43.Ke2 g5 44.hxg5 fxg5 45.Rb5 g4 46.f4 Re4+ 47.Be3 a3 
48.Ra5 h4 49.gxh4 g3 50.Kf3 g2 51.Bf2 g1=Q 52.Bxg1 Rxf4+ 53.Ke2 Rxh4 54.
Rxa3 Rb4 55.Be3 Rh4 56.Kd3 Rg4 57.Ra5 Rh4 58.Bf2 Rh3+ 59.Kc4 Kf4 60.Ra8 
Ke4 61.Bc5 Rh1 62.Bb4 Rh7 63.Bd6 Rh6 64.Kc5 Rh2 65.Re8 Rh5 1/2-1/2

[Event "19th EUR-ch"]
[Site "Batumi GEO"]
[Date "2018.03.21"]
[Round "5.113"]
[White "Gokhvat, Peter"]
[Black "Berchtenbreiter, Maximilian"]
[Result "0-1"]
[WhiteElo "2248"]
[BlackElo "2414"]
[EventDate "2018.03.17"]
[PlyCount "66"]

1.Nf3 Nf6 2.c4 c6 3.b3 d5 4.Bb2 Bf5 5.g3 e6 6.Bg2 a5 7.Nh4 Be4 8.Nf3 h6 9.
d3 Bh7 10.O-O a4 11.Nbd2 Nbd7 12.cxd5 exd5 13.e4 a3 14.Bxf6 Nxf6 15.Re1 
dxe4 16.dxe4 Bb4 17.Qe2 O-O 18.Rad1 Re8 19.Qc4 Qa5 20.e5 Nd5 21.e6 fxe6 
22.Bh3 e5 23.Rxe5 Bxd2 24.Rxe8+ Rxe8 25.Rxd2 Qc3 26.Qxc3 Nxc3 27.Bf1 b5 
28.b4 Be4 29.Nd4 Rd8 30.f3 Bb1 31.Nxb5 Rxd2 32.Nxc3 Bd3 33.Bh3 Kf7 0-1

[Event "19th EUR-ch"]
[Site "Batumi GEO"]
[Date "2018.03.21"]
[Round "5.114"]
[White "Schnider, Gert"]
[Black "Abdulla, Khayala"]
[Result "1-0"]
[WhiteElo "2414"]
[BlackElo "2248"]
[EventDate "2018.03.17"]
[PlyCount "103"]

1.e4 c5 2.Nf3 e6 3.d4 cxd4 4.Nxd4 a6 5.c4 Nf6 6.Nc3 Qc7 7.a3 b6 8.Be2 Bb7 
9.f3 Be7 10.Be3 d6 11.O-O Nbd7 12.Qd2 O-O 13.Rfc1 Rac8 14.b4 Qb8 15.Nb3 
Bd8 16.Kh1 Bc7 17.Bg1 Rfe8 18.Rc2 Qa8 19.Rb1 Ne5 20.Bf1 Red8 21.Qe1 Ng6 
22.Rbc1 Qb8 23.Nd4 Nf4 24.Rb2 Qa8 25.Be3 Ng6 26.Na4 Ne5 27.Nb3 Ned7 28.Qf2
Rb8 29.Nd4 Rbc8 30.Nb3 Rb8 31.Nc3 Rbc8 32.a4 d5 33.exd5 exd5 34.c5 Be5 35.
Bd4 Qb8 36.Qh4 bxc5 37.Nxc5 Nxc5 38.bxc5 Bxd4 39.Qxd4 Qc7 40.Na2 a5 41.c6 
Ba8 42.Ba6 Rb8 43.Rxb8 Rxb8 44.Bb5 Rd8 45.Nc3 Qd6 46.Ne2 Ne8 47.Qa7 Qc7 
48.Qc5 Rd6 49.h3 g6 50.Nd4 Nf6 51.Ba6 Kg7 52.Bd3 1-0

[Event "19th EUR-ch"]
[Site "Batumi GEO"]
[Date "2018.03.21"]
[Round "5.115"]
[White "Yuksel, Atilla Koksal"]
[Black "Danielian, Elina"]
[Result "1/2-1/2"]
[WhiteElo "2237"]
[BlackElo "2413"]
[EventDate "2018.03.17"]
[PlyCount "118"]

1.e4 e6 2.d4 d5 3.Nc3 Nf6 4.e5 Nfd7 5.f4 c5 6.Nf3 Nc6 7.Be3 a6 8.Qd2 b5 9.
a3 Qa5 10.dxc5 Bxc5 11.Nd4 Bxd4 12.Bxd4 b4 13.Ne2 Rb8 14.b3 O-O 15.axb4 
Qxb4 16.Qxb4 Nxb4 17.Kd2 f6 18.exf6 gxf6 19.g3 e5 20.Bc3 d4 21.Bxb4 Rxb4 
22.Bg2 Re8 23.Ra5 Nb6 24.fxe5 fxe5 25.Be4 Nd7 26.Nc1 Nf6 27.Re1 Rb5 28.
Rxb5 axb5 29.Nd3 Ng4 30.h3 Ne3 31.g4 Kg7 32.Ra1 h5 33.Ra7+ Kf6 34.gxh5 Bf5
35.Nf2 Kg5 36.Rf7 Be6 37.Rg7+ Kxh5 38.Bg6+ Kh6 39.Bxe8 Kxg7 40.Bxb5 Kh6 
41.Bc6 Kg5 42.b4 Bf5 43.Be4 Bxe4 44.Nxe4+ Kf4 45.Nd6 Nd5 46.b5 e4 47.Nxe4 
Kxe4 48.h4 Ke5 49.Kd3 Nb4+ 50.Kd2 Nd5 51.Kd3 Nb4+ 52.Ke2 Nxc2 53.b6 Nb4 
54.b7 Na6 55.h5 Kf5 56.h6 Kg6 57.Kd3 Nc5+ 58.Kxd4 Nxb7 59.h7 Kxh7 1/2-1/2

[Event "19th EUR-ch"]
[Site "Batumi GEO"]
[Date "2018.03.21"]
[Round "5.116"]
[White "Korchmar, Vasiliy"]
[Black "Kubicka, Anna"]
[Result "1-0"]
[WhiteElo "2411"]
[BlackElo "2235"]
[EventDate "2018.03.17"]
[PlyCount "67"]

1.d4 Nf6 2.c4 g6 3.g3 Bg7 4.Bg2 O-O 5.Nc3 d6 6.Nf3 c5 7.d5 e6 8.O-O exd5 
9.cxd5 Re8 10.Bf4 a6 11.a4 Qc7 12.h3 Nh5 13.Bg5 Nd7 14.Rc1 h6 15.Bd2 Qb6 
16.g4 Nhf6 17.b3 Ne4 18.Nxe4 Rxe4 19.Be1 Re8 20.Nd2 Qd8 21.Nc4 Ne5 22.Bc3 
Nxc4 23.Bxg7 Ne3 24.fxe3 Kxg7 25.b4 cxb4 26.Qd4+ Re5 27.Qxb4 Rb8 28.a5 h5 
29.Rf4 hxg4 30.hxg4 Rxe3 31.Qd4+ Re5 32.Rcf1 f5 33.gxf5 gxf5 34.e4 1-0

[Event "19th EUR-ch"]
[Site "Batumi GEO"]
[Date "2018.03.21"]
[Round "5.117"]
[White "Suleymanli, Aydin"]
[Black "Bagaturov, Giorgi"]
[Result "1/2-1/2"]
[WhiteElo "2210"]
[BlackElo "2410"]
[EventDate "2018.03.17"]
[PlyCount "60"]

1.d4 Nf6 2.c4 e6 3.Nc3 Bb4 4.Nf3 b6 5.Bg5 Bb7 6.Nd2 h6 7.Bh4 Nc6 8.e3 Ne7 
9.Bxf6 gxf6 10.Qb3 c5 11.a3 Bxc3 12.Qxc3 cxd4 13.Qxd4 e5 14.Qd6 Ng6 15.Bd3
Qe7 16.Qxe7+ Kxe7 17.Be4 Bxe4 18.Nxe4 Rac8 19.b3 f5 20.Nc3 Ke6 21.Ke2 Ne7 
22.Rhd1 Rc5 23.Rd2 Rd8 24.Rad1 d5 25.a4 a6 26.g3 f6 27.Rd3 Rd7 28.R1d2 Rd8
29.Rd1 Rd7 30.R1d2 Rd8 1/2-1/2

[Event "19th EUR-ch"]
[Site "Batumi GEO"]
[Date "2018.03.21"]
[Round "5.119"]
[White "Kuchava, Ana"]
[Black "Ozen, Deniz"]
[Result "0-1"]
[WhiteElo "2149"]
[BlackElo "2407"]
[EventDate "2018.03.17"]
[PlyCount "90"]

1.d4 Nf6 2.Nf3 d5 3.c4 c6 4.Qb3 dxc4 5.Qxc4 Bg4 6.Nbd2 Nbd7 7.g3 e6 8.Bg2 
Bd6 9.O-O O-O 10.Qb3 Qb6 11.Qxb6 axb6 12.Nc4 Bc7 13.h3 Bf5 14.Nfe5 b5 15.
Nxd7 Nxd7 16.Nd2 Bc2 17.Nf3 Ra4 18.Bd2 Be4 19.Bc3 Rfa8 20.a3 Nb6 21.Rac1 
Nd5 22.Rfd1 Nxc3 23.Rxc3 b4 24.axb4 Rxb4 25.Rd2 Ra2 26.Ra3 Rxa3 27.bxa3 
Rb1+ 28.Kh2 Ba5 29.Ra2 Bd5 30.Rc2 Rb3 31.Ne5 f6 32.Nc4 Bc3 33.Nd2 Bxd2 34.
Rxd2 Bxg2 35.Kxg2 Rxa3 36.Rb2 Ra7 37.Kf3 Kf7 38.h4 Ke7 39.Ke4 b5 40.Kd3 
Kd6 41.Rb3 e5 42.dxe5+ Kxe5 43.f4+ Kd6 44.e4 Rb7 45.Ke3 c5 0-1

[Event "19th EUR-ch"]
[Site "Batumi GEO"]
[Date "2018.03.21"]
[Round "5.120"]
[White "Soysal, Serkan"]
[Black "Sargsian, Anna M."]
[Result "1-0"]
[WhiteElo "2406"]
[BlackElo "2188"]
[EventDate "2018.03.17"]
[PlyCount "33"]

1.e4 c6 2.d4 d5 3.e5 c5 4.dxc5 e6 5.Be3 Nd7 6.c4 Ne7 7.Nc3 dxc4 8.Nf3 Nf5 
9.Bf4 Bxc5 10.Bxc4 h6 11.h4 Rg8 12.Qd3 g5 13.hxg5 hxg5 14.g4 Nd4 15.Nxd4 
gxf4 16.O-O-O Kf8 17.Nxe6+ 1-0

[Event "19th EUR-ch"]
[Site "Batumi GEO"]
[Date "2018.03.21"]
[Round "5.121"]
[White "Uzunoglu, Efe Kerem"]
[Black "Kalashian, David"]
[Result "0-1"]
[WhiteElo "2060"]
[BlackElo "2399"]
[EventDate "2018.03.17"]
[PlyCount "54"]

1.d4 Nf6 2.Nf3 e6 3.c4 b6 4.g3 Ba6 5.b3 Bb4+ 6.Bd2 Be7 7.Bg2 c6 8.O-O d5 
9.Ne5 Nbd7 10.Nxd7 Nxd7 11.cxd5 cxd5 12.Nc3 O-O 13.Rc1 Rc8 14.f4 f5 15.Qe1
Nf6 16.Qf2 Ba3 17.Rb1 Ng4 18.Qf3 Qf6 19.e3 Bxf1 20.Bxf1 a5 21.h3 Nh6 22.
Nb5 Bb4 23.Bc1 Nf7 24.a3 Be7 25.Na7 Rc2 26.Bd3 Rc3 27.Qe2 Nd6 0-1

[Event "19th EUR-ch"]
[Site "Batumi GEO"]
[Date "2018.03.21"]
[Round "5.122"]
[White "Bosman, Michiel"]
[Black "Simonian, Latush"]
[Result "1-0"]
[WhiteElo "2398"]
[BlackElo "2111"]
[EventDate "2018.03.17"]
[PlyCount "49"]

1.d4 Nf6 2.c4 g6 3.Nc3 Bg7 4.e4 d6 5.Be2 O-O 6.Be3 c5 7.d5 e6 8.Nf3 exd5 
9.cxd5 Re8 10.Nd2 Na6 11.O-O Nc7 12.a4 b6 13.Bg5 Rb8 14.Bb5 Nxb5 15.axb5 
Qc7 16.Qc2 Nh5 17.Nc4 f6 18.Bh4 f5 19.f3 h6 20.Rae1 a6 21.Qb3 f4 22.bxa6 
Bxa6 23.g4 fxg3 24.Bxg3 Bxc4 25.Qxc4 1-0

[Event "19th EUR-ch"]
[Site "Batumi GEO"]
[Date "2018.03.21"]
[Round "5.123"]
[White "Rzayev, Bahruz"]
[Black "Melkonyan, Arshak"]
[Result "1-0"]
[WhiteElo "2390"]
[BlackElo "2082"]
[EventDate "2018.03.17"]
[PlyCount "45"]

1.e4 c6 2.d4 d5 3.Nd2 dxe4 4.Nxe4 Nf6 5.Nxf6+ exf6 6.c3 Bd6 7.Bd3 O-O 8.
Qc2 h6 9.Ne2 Qc7 10.Be3 Re8 11.O-O-O c5 12.dxc5 Bxc5 13.Nd4 Nc6 14.Kb1 Bg4
15.f3 Rxe3 16.fxg4 Nxd4 17.cxd4 Bd6 18.Qf2 Qe7 19.Rhe1 Re8 20.Rxe3 Qxe3 
21.Qf5 Kf8 22.Qh7 Qxd4 23.Qh8+ 1-0

[Event "19th EUR-ch"]
[Site "Batumi GEO"]
[Date "2018.03.21"]
[Round "5.124"]
[White "Turan, Asim"]
[Black "Nesterov, Arseniy"]
[Result "0-1"]
[WhiteElo "2024"]
[BlackElo "2388"]
[EventDate "2018.03.17"]
[PlyCount "138"]

1.d4 d5 2.c4 c6 3.Nf3 Nf6 4.g3 Bf5 5.Nc3 e6 6.Bg2 Be7 7.O-O O-O 8.Qb3 Qb6 
9.Re1 Nbd7 10.Bf4 h6 11.h4 Rfe8 12.Rac1 Bh7 13.Na4 Qxb3 14.axb3 Ne4 15.
Red1 g5 16.hxg5 hxg5 17.Be3 f6 18.Ne1 Nd6 19.f3 Kf7 20.Bf2 g4 21.c5 Nf5 
22.f4 Bd8 23.Nc3 Bc7 24.e4 dxe4 25.Nxe4 Nf8 26.Nc2 Rad8 27.Be1 Ng6 28.Bc3 
Nge7 29.Kf2 Nd5 30.Bd2 Bg6 31.Nc3 Nde7 32.Ne2 Rh8 33.Rh1 Rxh1 34.Bxh1 e5 
35.fxe5 fxe5 36.Bc3 exd4 37.Ncxd4 Bxg3+ 38.Nxg3 Nxd4 39.Rd1 Ne6 40.Rxd8 
Nxd8 41.Ne4 Bxe4 42.Bxe4 Ne6 43.b4 Nd5 44.Bf5 Nef4 45.Bxg4 Ke7 46.Kf3 Nd3 
47.Ke2 N3xb4 48.Bxb4 Nxb4 49.Ke3 b5 50.cxb6 axb6 51.Kd4 Kd6 52.Kc4 Nd5 53.
Bh5 b5+ 54.Kb3 c5 55.Be2 Kc6 56.Bf1 Ne3 57.Be2 c4+ 58.Kc3 Kc5 59.b4+ Kd5 
60.Bf3+ Ke5 61.Bc6 Nd5+ 62.Kd2 Nc7 63.Kc3 Nd5+ 64.Kd2 c3+ 65.Kc1 Nc7 66.
Kc2 Kd4 67.Kb3 Kd3 68.Bd7 Kd2 69.Bf5 Ne6 0-1

[Event "19th EUR-ch"]
[Site "Batumi GEO"]
[Date "2018.03.21"]
[Round "5.125"]
[White "Ahadzade, Kanan"]
[Black "Polivanov, Anatoliy"]
[Result "0-1"]
[WhiteElo "1965"]
[BlackElo "2383"]
[EventDate "2018.03.17"]
[PlyCount "92"]

1.e4 Nf6 2.Nc3 e5 3.g3 d5 4.exd5 Nxd5 5.Bg2 Nxc3 6.bxc3 Bc5 7.Nf3 Nc6 8.
O-O O-O 9.Re1 Qf6 10.Qe2 Bb6 11.d3 Re8 12.Bg5 Qg6 13.Be3 Ba5 14.Bd2 Qh5 
15.Ng5 Qxe2 16.Rxe2 h6 17.Ne4 Bg4 18.f3 Bf5 19.Kh1 Bb6 20.a4 a5 21.Rb1 Bd7
22.Be3 Bxe3 23.Rxe3 b6 24.Nd2 f6 25.Nc4 Rad8 26.Ree1 Ne7 27.Ra1 Bc6 28.Ne3
Ng6 29.Kg1 Nf8 30.Kf2 Ne6 31.f4 Bxg2 32.Nxg2 exf4 33.Nxf4 Nxf4 34.gxf4 g5 
35.Kf3 Kf7 36.Kg4 h5+ 37.Kg3 Rxe1 38.Rxe1 Re8 39.Rxe8 Kxe8 40.c4 c6 41.d4 
b5 42.cxb5 cxb5 43.axb5 a4 44.b6 Kd7 45.d5 a3 46.d6 Kxd6 0-1

[Event "19th EUR-ch"]
[Site "Batumi GEO"]
[Date "2018.03.21"]
[Round "5.126"]
[White "Akhvlediani, Irakli"]
[Black "Tarun, Kanyamarala"]
[Result "0-1"]
[WhiteElo "2318"]
[BlackElo "1920"]
[EventDate "2018.03.17"]
[PlyCount "107"]

1.d4 Nf6 2.c4 e6 3.Nf3 d5 4.g3 Bb4+ 5.Bd2 Be7 6.Bg2 O-O 7.O-O c6 8.Qc2 
Nbd7 9.Bf4 a5 10.Rd1 Nh5 11.Bc1 f5 12.b3 Nhf6 13.Bb2 Ne4 14.Nfd2 a4 15.f3 
a3 16.Bc1 Nxd2 17.Bxd2 b5 18.c5 e5 19.e3 f4 20.gxf4 exd4 21.exd4 Nf6 22.
Nc3 Nh5 23.Ne2 Qe8 24.Re1 Bh4 25.Ng3 Qf7 26.Re5 Nxg3 27.hxg3 Bxg3 28.Qc1 
Qf6 29.Rg5 Bxf4 30.Bxf4 Qxf4 31.Qxf4 Rxf4 32.Re5 Bd7 33.Re7 Rd8 34.Rd1 Kf8
35.Re3 Re8 36.Kf2 h5 37.b4 Rxe3 38.Kxe3 Rh4 39.Kf2 Bf5 40.Rd2 g5 41.Rd1 
Kf7 42.Rd2 Kf6 43.Rd1 Rf4 44.Ke3 Kg6 45.Rd2 h4 46.Rd1 h3 47.Bh1 Kh5 48.Rc1
Kh4 49.Rd1 Bg6 50.Rg1 Bh5 51.Rc1 Rf8 52.Kf2 g4 53.Rg1 h2 54.Rg3 0-1